000 00344nam a2200145Ia 4500
008 150201s1977 xx 000 0 und d
082 _a617.69
_bE1977G
100 _aGHAI,O.P
245 _aESSENTIALS OF PEDIATRICS
250 _a1ST
260 _bSAGAR PUBLICATION
_aDELHI
_c1977
300 _a1-391
650 _aPEDODONTICS
942 _2ddc
_cBK
999 _c3282
_d3282